Top 10 países europeos más calurosos - Estadísticas

Estadísticas generales
  • Esta prueba ha sido intentada 8.027 veces
  • La puntuación promedio es 9 de 10
Estadísticas de respuestas
° C País % Correcto
14,2 España
100%
14,6 Italia
98%
15,8 Grecia
96%
16,1 Portugal
95%
20,3 Malta
90%
16,8 Ciudad del Vaticano
82%
12,4 Croacia
82%
14,2 San Marino
81%
12,9 Albania
80%
13,9 Mónaco
77%
No se encontraron pruebas coincidentes
Distribución de puntuación
Porcentaje de gente con cada puntuación
Porcentaje por número respondido
Historial de tus puntuaciones
No has intentado esta prueba.